An Outline History of World (Record no. 15869)
[ view plain ]
| 000 -LEADER | |
|---|---|
| fixed length control field | 00220nam a22000977a 4500 |
| 003 - CONTROL NUMBER IDENTIFIER | |
| control field | OSt |
| 008 - FIXED-LENGTH DATA ELEMENTS--GENERAL INFORMATION | |
| fixed length control field | 191022b ||||| |||| 00| 0 eng d |
| 100 ## - MAIN ENTRY--AUTHOR NAME | |
| Personal name | Davis,H A. |
| 245 ## - TITLE STATEMENT | |
| Title | An Outline History of World |
| 942 ## - ADDED ENTRY ELEMENTS (KOHA) | |
| Koha item type | Books |
| Withdrawn status | Lost status | Damaged status | Home library | Current library | Date acquired | Cost, normal purchase price | Accession Number | Koha item type |
|---|---|---|---|---|---|---|---|---|
| Withdrawn | KAUAET | KAUAET | 22/10/2019 | 11.00 | 427 | Books | ||
| Withdrawn | KAUAET | Malayalam University | 22/10/2019 | 11.00 | 426 | Books | ||
| Withdrawn | KAUAET | Sanskrit University | 22/10/2019 | 11.00 | 425 | Books |
